00501nam a22001457a 4500020001800000082001200018100002300030245005000053260006800103300000800171650002000179942000700199952013200206999001700338 a9789382762324 a954 PUL aPuliurumpil, James aClassic India: Western Accounts Before Christ aKottayam, KeralabOriental Institute of Religious Studiesc2016 a447 aHistory - India cBK 00104070aHMIbHMId2016-03-10eorientail Institue of ....... Kottayamg300.00l0o954 PULp25026r2018-10-09w2026-01-16yBK c19983d19983